| 000 | 00607nam a2200205 a 4500 | ||
|---|---|---|---|
| 005 | 20210223133759.0 | ||
| 008 | 190329s2011 mx r 000 0 spa d | ||
| 020 | _a9786071113290 | ||
| 035 | _aUPN01000229880 | ||
| 049 | _aCG | ||
| 050 | 4 |
_aPN6305 _bB6.2 |
|
| 100 | 1 |
_aBoullosa, Pablo, _d1963- _942682 |
|
| 245 | 1 | 0 |
_aDilemas clásicos para mexicanos y otros supervivientes : _btomo izquierdo / _cPablo Boullosa. |
| 260 |
_aMéxico : _bTaurus, _c2011. |
||
| 300 |
_a383 p. : _bil. |
||
| 650 | 4 |
_aMAXIMAS _918945 |
|
| 650 | 4 |
_aCITAS LITERARIAS - _xESPAÑOL _910619 |
|
| 905 | _aLibro | ||
| 999 |
_c201975 _d201975 |
||